[Event "Corr"]
[Site "?"]
[Date "1998.03.01"]
[Round "?"]
[White "Knobel Rolf (SWZ)"]
[Black "Read Michael (ENG)"]
[Result "1/2-1/2"]
[WhiteElo "2571"]
[BlackElo "2562"]
[PlyCount "99"]
[EventDate "1998.??.??"]
[Source "www.chesslib.no"]
[SourceDate "2004.05.04"]

1. d4 Nf6 2. Nf3 b6 3. g3 Bb7 4. Bg2 c5 5. O-O cxd4 6. Nxd4 Bxg2 7. Kxg2 d5 8. c4 dxc4 9. Qa4+ Nbd7 10. Rd1 Qc8 11. Na3 a6 12. Qxc4 e6 13. b3 Qb7+ 14. Qc6 Qxc6+ 15. Nxc6 Rc8 16. Nd4 Bc5 17. Bb2 O-O 18. Rac1 b5 19. Nac2 Rfd8 20. f3 Nf8 21. Ne3 Nd5 22. Nxd5 Rxd5 23. Ba3 Bxa3 24. Rxc8 e5 25. Nxb5 Rxb5 26. Rd7 g6 27. Ra7 a5 28. e4 f5 29. Kf1 fxe4 30. fxe4 Bb4 31. Ke2 Rb6 32. g4 Rf6 33. a3 Bxa3 34. Rxa5 Bb2 35. Raa8 Bd4 36. g5 Rf2+ 37. Kd3 Kg7 38. Rc7+ Rf7 39. Rxf7+ Kxf7 40. b4 Ne6 41. h4 Bf2 42. Kc4 Bxh4 43. Ra7+ Kg8 44. Kd5 Nxg5 45. b5 Bf2 46. Rb7 Kf8 47. b6 Ke8 48. Kxe5 h5 49. Kd5 h4 50. e5 1/2-1/2

[Event "Vrnjacka Banja"]
[Site "?"]
[Date "1978.??.??"]
[Round "14"]
[White "Padevsky Nikola"]
[Black "Ermenkov Evgenij"]
[Result "1/2-1/2"]
[WhiteElo "2455"]
[BlackElo "2520"]
[PlyCount "30"]
[EventDate "1978.??.??"]
[Source "www.chesslib.no"]
[SourceDate "2004.05.04"]

1. d4 Nf6 2. Nf3 b6 3. g3 Bb7 4. Bg2 c5 5. O-O e6 6. c4 cxd4 7. Nxd4 Bxg2 8. Kxg2 Qc8 9. b3 Nc6 10. Bb2 Nxd4 11. Bxd4 Qc6+ 12. f3 Be7 13. Nc3 O-O 14. Rc1 d6 15. Qd2 a6 1/2-1/2

[Event "Yerevan"]
[Site "Erevan ARM"]
[Date "1989.??.??"]
[Round "?"]
[White "Csom, Istvan"]
[Black "Spiridonov, Nikola"]
[Result "1/2-1/2"]
[WhiteElo "2545"]
[BlackElo "2390"]
[PlyCount "97"]
[EventDate "1989.05.??"]
[Source "www.chesslib.no"]
[SourceDate "2004.05.04"]

1. d4 Nf6 2. Nf3 b6 3. g3 Bb7 4. Bg2 c5 5. dxc5 bxc5 6. c4 g6 7. Nc3 Bg7 8. O-O O-O 9. Bg5 d6 10. Qd2 Nbd7 11. Bh6 Ne4 12. Nxe4 Bxe4 13. Bxg7 Kxg7 14. Ne1 Nf6 15. Qc3 Kg8 16. f3 Bc6 17. Nc2 Rb8 18. e4 Qb6 19. b3 a5 20. Rfe1 a4 21. Re3 axb3 22. axb3 Ra8 23. Ree1 Rxa1 24. Rxa1 Rb8 25. Ra3 Ra8 26. Rxa8+ Bxa8 27. Bh3 e5 28. Qa1 Bb7 29. Qa3 Qa6 30. Qxa6 Bxa6 31. Kf2 Kf8 32. Ke3 Ke7 33. Kd2 Bb7 34. b4 cxb4 35. Nxb4 Ne8 36. Bf1 Ng7 37. Bh3 Ne8 38. Bf1 Nc7 39. Nd5+ Kd8 40. Nxc7 Kxc7 41. Kc3 Kb6 42. Kb4 Bc8 43. Bg2 h6 44. Bf1 f6 45. Bg2 Be6 46. Bf1 Bd7 47. Bg2 Kc6 48. Bf1 h5 49. h3 1/2-1/2

[Event "II Magistral"]
[Site "Pinamar"]
[Date "2004.04.01"]
[Round "11"]
[White "Giardelli, Sergio Carlos"]
[Black "Larsen, Bent"]
[Result "1-0"]
[WhiteElo "2440"]
[BlackElo "2470"]
[PlyCount "41"]
[EventDate "2004.03.24"]
[Source "Roberto Alvarez"]
[SourceDate "2004.04.05"]

1. d4 Nf6 2. Nf3 b6 3. g3 Bb7 4. Bg2 c5 5. e3 g6 6. O-O Bg7 7. c4 cxd4 8. exd4 O-O 9. Nc3 Nc6 10. Re1 Rc8 11. Ne5 Na5 12. Bxb7 Nxb7 13. Qf3 Na5 14. b3 d6 15. Ng4 Nxg4 16. Qxg4 e6 17. Bg5 Qd7 18. Rac1 Rfe8 19. d5 Bxc3 20. Rxc3 exd5 21. Qxd7 1-0

[Event "HUN Team Ch 0102"]
[Site "?"]
[Date "2001.10.14"]
[Round "2"]
[White "Kovacs Gabor2"]
[Black "Cao Sang"]
[Result "0-1"]
[WhiteElo "2396"]
[BlackElo "2507"]
[PlyCount "58"]
[EventDate "2001.??.??"]
[Source "www.chesslib.no"]
[SourceDate "2004.05.04"]

1. d4 Nf6 2. Nf3 b6 3. g3 Bb7 4. Bg2 c5 5. c4 cxd4 6. Qxd4 g6 7. Nc3 Bg7 8. O-O Nc6 9. Qf4 Na5 10. Nd2 Bxg2 11. Kxg2 Rc8 12. Qd4 O-O 13. Rb1 Nc6 14. Qh4 d5 15. Nf3 dxc4 16. Qxc4 Na5 17. Qh4 Rc4 18. Qg5 Ne4 19. Nxe4 Rxe4 20. Qb5 Qa8 21. b3 Rc8 22. Rd1 Nb7 23. Rd2 Nd6 24. Qa6 Rc5 25. a4 Rc6 26. Qd3 Rc3 27. Qa6 b5 28. e3 Rc6 29. Qa5 Bc3 0-1

[Event "New York Open"]
[Site "New York, NY USA"]
[Date "1989.??.??"]
[Round "2"]
[White "Frias Pablaza, Victor J"]
[Black "Balinas, Rosendo C"]
[Result "1-0"]
[WhiteElo "2510"]
[BlackElo "2390"]
[PlyCount "53"]
[EventDate "1989.03.??"]
[Source "www.chesslib.no"]
[SourceDate "2004.05.04"]

1. d4 Nf6 2. Nf3 b6 3. g3 Bb7 4. Bg2 c5 5. O-O cxd4 6. Bg5 d6 7. Bxf6 gxf6 8. Qxd4 Qc8 9. Nc3 Qc5 10. Qd3 Nd7 11. Ne4 Qb4 12. Nd4 Nc5 13. a3 Nxd3 14. axb4 d5 15. cxd3 dxe4 16. Nb5 Kd7 17. Rfc1 Kd8 18. Rc7 Bd5 19. dxe4 a6 20. exd5 axb5 21. Rac1 Rb8 22. Bh3 e6 23. dxe6 fxe6 24. Bxe6 Bxb4 25. Bf5 Bc5 26. Ra7 b4 27. b3 1-0

[Event "Kecskemet3"]
[Site "Kecskemet"]
[Date "1992.??.??"]
[Round "6"]
[White "Vaulin, Alexander"]
[Black "Habibi, Ali"]
[Result "1-0"]
[WhiteElo "2520"]
[BlackElo "2380"]
[PlyCount "95"]
[EventDate "1992.??.??"]
[Source "www.chesslib.no"]
[SourceDate "2004.05.04"]

1. d4 Nf6 2. Nf3 b6 3. g3 Bb7 4. Bg2 c5 5. c4 cxd4 6. O-O g6 7. Qxd4 Bg7 8. Nc3 O-O 9. Qh4 d6 10. Bh6 Nbd7 11. b3 Rc8 12. Bh3 Bxf3 13. Bxg7 Kxg7 14. exf3 Rc5 15. Qd4 Ne5 16. Bg2 g5 17. f4 Ng6 18. b4 Rf5 19. Bh3 e5 20. Qd3 Rxf4 21. gxf4 Nxf4 22. Qf5 Kh8 23. Rfd1 N6h5 24. Bf1 Ng7 25. Qe4 Qd7 26. f3 Qe6 27. Kh1 Qh6 28. Qe1 Nf5 29. Ne4 Qh5 30. Qf2 Rd8 31. Rd2 Qg6 32. Rad1 h5 33. Ng3 Nh4 34. Qe3 Kg8 35. c5 bxc5 36. bxc5 d5 37. Qxe5 Nxf3 38. Qe7 Rf8 39. Rf2 g4 40. Qe3 Qf6 41. Ne2 Ne6 42. Rxd5 Rb8 43. Rxh5 Rb1 44. Qe4 Qg6 45. Qxg6+ fxg6 46. Rd5 Neg5 47. c6 Ne4 48. c7 1-0

[Event "Kazan (Russia)"]
[Site "?"]
[Date "2003.??.??"]
[Round "?"]
[White "Modestov Boris"]
[Black "Tomashevsky Evgeny"]
[Result "0-1"]
[WhiteElo "2359"]
[BlackElo "2523"]
[PlyCount "80"]
[EventDate "2003.??.??"]
[Source "www.chesslib.no"]
[SourceDate "2004.05.04"]

1. d4 Nf6 2. Nf3 b6 3. g3 Bb7 4. Bg2 c5 5. O-O cxd4 6. Qxd4 g6 7. c4 Bg7 8. Nc3 d6 9. Rd1 Nbd7 10. b3 Rc8 11. Bb2 O-O 12. Nd5 a6 13. Rac1 b5 14. Qh4 Nxd5 15. Bxg7 Kxg7 16. cxd5 Rxc1 17. Rxc1 Nf6 18. Qd4 Bxd5 19. Qa7 Qa5 20. Qxe7 Qxa2 21. Nd4 Qd2 22. Qe3 Qxe3 23. fxe3 Rb8 24. Bxd5 Nxd5 25. Rc6 Rb6 26. Rc8 Nxe3 27. Kf2 Ng4+ 28. Kg2 Ne5 29. h3 b4 30. g4 h6 31. Kf2 Nd7 32. Ke3 Nc5 33. Ra8 Rb7 34. Rd8 a5 35. Kd2 a4 36. bxa4 b3 37. Kc1 b2+ 38. Kb1 Nxa4 39. Rc8 Rb4 40. e3 d5 0-1

[Event "Bad Wildbad IM"]
[Site "Bad Wildbad GER"]
[Date "1991.??.??"]
[Round "?"]
[White "Ammann, Philipp"]
[Black "Adams, Michael"]
[Result "1/2-1/2"]
[WhiteElo "2280"]
[BlackElo "2600"]
[PlyCount "29"]
[EventDate "1991.??.??"]
[Source "www.chesslib.no"]
[SourceDate "2004.05.04"]

1. d4 Nf6 2. Nf3 b6 3. g3 Bb7 4. Bg2 c5 5. c4 cxd4 6. Qxd4 g6 7. Nc3 Bg7 8. O-O d6 9. Rb1 Nbd7 10. b3 a6 11. Bb2 O-O 12. a4 Nc5 13. Qd1 Rc8 14. Ne1 Bxg2 15. Nxg2 1/2-1/2

[Event "Hoogovens"]
[Site "Wijk aan Zee"]
[Date "1974.??.??"]
[Round "15"]
[White "Pomar Salamanca, Arturo"]
[Black "Sosonko, Gennadi"]
[Result "1/2-1/2"]
[WhiteElo "2425"]
[BlackElo "2450"]
[PlyCount "34"]
[EventDate "1974.??.??"]
[Source "ChessBase"]

1. d4 Nf6 2. Nf3 b6 3. g3 Bb7 4. Bg2 c5 5. e3 e6 6. c4 cxd4 7. exd4 Bb4+ 8. Bd2 Bxd2+ 9. Qxd2 O-O 10. Nc3 d5 11. Ne5 Nc6 12. O-O Rc8 13. cxd5 Nxd5 14. Nxd5 Nxe5 15. dxe5 Bxd5 16. Rfd1 Bxg2 17. Kxg2 Qxd2 1/2-1/2

[Event "Harkany op"]
[Site "?"]
[Date "1996.??.??"]
[Round "8"]
[White "Cosma Ioan"]
[Black "Kutuzovic Branko"]
[Result "1/2-1/2"]
[WhiteElo "2470"]
[BlackElo "2375"]
[PlyCount "85"]
[EventDate "1996.??.??"]
[Source "www.chesslib.no"]
[SourceDate "2004.05.04"]

1. d4 Nf6 2. Nf3 b6 3. g3 Bb7 4. Bg2 c5 5. dxc5 bxc5 6. c4 g6 7. b3 Bg7 8. Bb2 O-O 9. O-O d6 10. Nc3 Ne4 11. Qc2 Nxc3 12. Bxc3 Bxc3 13. Qxc3 Nd7 14. Ne1 Qc7 15. Nd3 Bxg2 16. Kxg2 a5 17. h4 Nf6 18. f3 a4 19. Nf4 axb3 20. axb3 Qb7 21. Ra4 Rab8 22. Rb1 h5 23. Qd3 Kg7 24. e4 Qc6 25. Nd5 Nxd5 26. exd5 Qd7 27. Ra2 Qf5 28. Qd1 Rb7 29. Re2 Ra8 30. Qc2 Qxc2 31. Rxc2 Ra3 32. Rcb2 Rba7 33. g4 Ra2 34. g5 f6 35. Kg3 f5 36. Rxa2 Rxa2 37. Re1 Kf7 38. Re3 Rd2 39. f4 Rd1 40. Kg2 Rc1 41. Rd3 Re1 42. Rc3 Re2+ 43. Kg3 1/2-1/2

[Event "CUB-ch"]
[Site "?"]
[Date "1993.??.??"]
[Round "8"]
[White "Alvarez, Jose"]
[Black "Nogueiras, Jesus"]
[Result "0-1"]
[WhiteElo "2240"]
[BlackElo "2580"]
[PlyCount "72"]
[EventDate "1993.??.??"]
[Source "www.chesslib.no"]
[SourceDate "2004.05.04"]

1. d4 Nf6 2. Nf3 b6 3. g3 Bb7 4. Bg2 c5 5. c4 cxd4 6. O-O e6 7. b3 Bc5 8. Bb2 O-O 9. Bxd4 Nc6 10. Bb2 Qe7 11. Nc3 Rad8 12. e4 d6 13. a3 a5 14. h3 Nd7 15. Nb5 Nde5 16. Nfd4 Nxd4 17. Nxd4 Rc8 18. Kh2 a4 19. f4 Nd7 20. b4 Bxd4 21. Qxd4 e5 22. Qd3 exf4 23. gxf4 Rfe8 24. Qd4 f6 25. Rfe1 Nf8 26. Rac1 Ng6 27. Qf2 Qc7 28. Kg3 Rf8 29. h4 Qf7 30. h5 Ne7 31. Qxb6 Ba8 32. Qd4 Qxh5 33. Bf3 Nf5+ 34. exf5 Qxf3+ 35. Kh4 g5+ 36. fxg5 fxg5+ 0-1

[Event "HUN-chT1 9596"]
[Site "HUN"]
[Date "1996.??.??"]
[Round "9"]
[White "Mathe, Gaspar"]
[Black "Horvath, Tamas"]
[Result "1/2-1/2"]
[WhiteElo "2400"]
[BlackElo "2410"]
[PlyCount "81"]
[EventDate "1995.??.??"]
[Source "www.chesslib.no"]
[SourceDate "2004.05.04"]

1. d4 Nf6 2. Nf3 b6 3. g3 Bb7 4. Bg2 c5 5. c3 e6 6. O-O Be7 7. Re1 O-O 8. Bg5 d5 9. Nbd2 Nbd7 10. Ne5 Nxe5 11. dxe5 Nd7 12. Bxe7 Qxe7 13. f4 Rad8 14. e4 c4 15. Qe2 Nc5 16. exd5 Bxd5 17. Nxc4 Nd3 18. Qxd3 Bxg2 19. Nd6 Ba8 20. Qe2 f6 21. h4 g5 22. fxg5 fxe5 23. Ne4 Bxe4 24. Qxe4 Rd2 25. Re2 Qc5+ 26. Kh1 Rxe2 27. Qxe2 Rf2 28. Qe4 Qd5 29. Re1 Qxe4+ 30. Rxe4 Rxb2 31. a4 Rc2 32. Rc4 e4 33. Kg1 e5 34. h5 e3 35. Kf1 Rf2+ 36. Ke1 Rg2 37. g4 Kf7 38. Rc7+ Ke6 39. Rxh7 Rxg4 40. Ke2 Rxg5 41. Rxa7 1/2-1/2

[Event "Juegos Nacionales 16th"]
[Site "?"]
[Date "2000.11.23"]
[Round "7"]
[White "Perdomo Carlos Andres"]
[Black "Garcia Gildardo"]
[Result "1/2-1/2"]
[WhiteElo "2349"]
[BlackElo "2448"]
[PlyCount "50"]
[EventDate "2000.??.??"]
[Source "www.chesslib.no"]
[SourceDate "2004.05.04"]

1. d4 Nf6 2. Nf3 b6 3. g3 Bb7 4. Bg2 c5 5. dxc5 bxc5 6. c4 g6 7. b3 Bg7 8. Bb2 O-O 9. O-O e6 10. Nc3 Qc7 11. Rc1 Nc6 12. Qc2 Rac8 13. Rfd1 Rfd8 14. e3 d6 15. Qb1 a6 16. Qa1 Nb8 17. Rc2 Nbd7 18. Rcd2 Ne8 19. Ne2 Ndf6 20. Nf4 Bc6 21. Ne1 Bxg2 22. Nfxg2 Ne4 23. Re2 Bxb2 24. Qxb2 f5 25. Nf4 Kf7 1/2-1/2

[Event "It (Men) Schaumburg USA"]
[Site "?"]
[Date "2006.04.18"]
[Round "1"]
[White "Almeida Saenz Alfonso"]
[Black "Kopec Danny"]
[Result "1-0"]
[WhiteElo "2400"]
[BlackElo "2362"]
[PlyCount "94"]
[EventDate "2006.??.??"]
[Source "www.chesslib.no"]
[SourceDate "2004.05.04"]

1. d4 Nf6 2. Nf3 b6 3. g3 Bb7 4. Bg2 c5 5. c4 cxd4 6. Qxd4 g6 7. Nc3 Bg7 8. O-O Nc6 9. Qf4 Qb8 10. Rd1 h6 11. Qd2 Qc8 12. Rb1 Na5 13. b3 Ne4 14. Nxe4 Bxe4 15. Bb2 Bxb2 16. Rxb2 Nc6 17. Qe3 f5 18. Nh4 Bxg2 19. Nxg6 Rg8 20. Qxh6 Qb7 21. Nf4 O-O-O 22. Nxg2 e6 23. Qe3 e5 24. Rd6 Rde8 25. Rbd2 Re7 26. Qf3 f4 27. Qe4 Rf8 28. f3 Rfe8 29. g4 b5 30. c5 a5 31. h4 b4 32. h5 Qb5 33. R6d5 Nd4 34. Kf2 Kb8 35. h6 Ne6 36. Qc4 Qxc4 37. bxc4 Nf8 38. Rb2 Kc7 39. c6 dxc6 40. Rxa5 Kb6 41. Ra4 Kc5 42. Raxb4 Re6 43. Ne1 Rxh6 44. Nd3+ Kd6 45. c5+ Kd5 46. Re4 Ng6 47. Rd2 Ke6 1-0

[Event "Gothenburg INT"]
[Site "Goteborg SWE"]
[Date "1994.??.??"]
[Round "9"]
[White "Jasnikowski, Zbigniew"]
[Black "Hultin, Johan"]
[Result "1-0"]
[WhiteElo "2475"]
[BlackElo "2285"]
[PlyCount "50"]
[EventDate "1994.??.??"]
[Source "www.chesslib.no"]
[SourceDate "2004.05.04"]

1. d4 Nf6 2. Nf3 b6 3. g3 Bb7 4. Bg2 c5 5. c4 cxd4 6. Qxd4 g6 7. O-O Bg7 8. Nc3 O-O 9. Qh4 d6 10. Bh6 Nbd7 11. Bxg7 Kxg7 12. Qd4 Rc8 13. b3 Rc5 14. Nd2 Bxg2 15. Kxg2 Kg8 16. Nde4 Nxe4 17. Nxe4 Rc7 18. Nc3 Nf6 19. e4 Rc5 20. f3 a6 21. a4 Qc7 22. Rad1 Rc8 23. Rfe1 h5 24. Re2 h4 25. Nd5 Nh5 1-0

[Event "Lodz"]
[Site "Lodz"]
[Date "1979.??.??"]
[Round "11"]
[White "Zoltek, Tadeusz"]
[Black "Tompa, Janos"]
[Result "1-0"]
[WhiteElo "2335"]
[BlackElo "2420"]
[PlyCount "99"]
[EventDate "1979.04.??"]
[Source "ChessBase"]

1. d4 Nf6 2. Nf3 b6 3. g3 Bb7 4. Bg2 c5 5. O-O e6 6. c4 cxd4 7. Nxd4 Bxg2 8. Kxg2 Qc7 9. b3 a6 10. Qd3 Be7 11. Nc3 d6 12. Qf3 Ra7 13. Bb2 O-O 14. Rac1 Rc8 15. Rfd1 Nbd7 16. Nd5 exd5 17. cxd5 Nc5 18. b4 Rb7 19. Nf5 Qd8 20. bxc5 bxc5 21. Bc3 Kf8 22. Rd3 Rcb8 23. Re3 Ne8 24. Qh5 Kg8 25. Qg4 f6 26. Rb1 Bf8 27. Rxb7 Rxb7 28. Ba5 Qb8 29. Nh6+ Kh8 30. Qa4 Rb5 31. Nf7+ Kg8 32. Nd8 Nc7 33. Nc6 Qb7 34. Bxc7 Qxc7 35. Qxa6 Rb2 36. Qc4 Qf7 37. a4 Rb6 38. Qe4 Ra6 39. a5 f5 40. Qd3 Ra8 41. Rf3 g6 42. e4 fxe4 43. Qxe4 Re8 44. Qc4 Qg7 45. a6 Re1 46. Qa4 Qa1 47. Qxa1 Rxa1 48. a7 c4 49. Rc3 Ra4 50. Rxc4 1-0

[Event "Buenos Aires JMB Open"]
[Site "Buenos Aires ARG"]
[Date "1993.??.??"]
[Round "6"]
[White "Minzer, Claudio Javier"]
[Black "Rodriguez, Jorge Luis"]
[Result "1/2-1/2"]
[WhiteElo "2370"]
[BlackElo "2365"]
[PlyCount "71"]
[EventDate "1993.??.??"]
[Source "www.chesslib.no"]
[SourceDate "2004.05.04"]

1. Nf3 Nf6 2. d4 b6 3. g3 Bb7 4. Bg2 c5 5. dxc5 bxc5 6. c4 g6 7. b3 Bg7 8. Bb2 O-O 9. O-O d6 10. Nc3 Ne4 11. Qc1 Nxc3 12. Bxc3 Bxc3 13. Qxc3 Nd7 14. Ne1 Bxg2 15. Nxg2 Nf6 16. f3 Qb6 17. e4 a5 18. a4 Rab8 19. Rab1 Qb4 20. Qc2 Rb7 21. Ne3 Rfb8 22. Qc1 Qb6 23. Rd1 Nd7 24. Qc3 Ne5 25. Nc2 Nc6 26. Kg2 Rf8 27. Rd3 Ne5 28. Rdd1 f5 29. f4 Nc6 30. exf5 gxf5 31. Qf3 Rd7 32. Rd5 e6 33. Rd2 Nd8 34. Rbd1 Nf7 35. Na3 Qb7 36. Qxb7 1/2-1/2

[Event "Guildford"]
[Site "Guildford"]
[Date "1991.??.??"]
[Round "?"]
[White "Teske, Henrik"]
[Black "Cullip, Stephen"]
[Result "1-0"]
[WhiteElo "2395"]
[BlackElo "2335"]
[PlyCount "57"]
[EventDate "1991.??.??"]
[Source "ChessBase"]

1. d4 Nf6 2. Nf3 b6 3. g3 Bb7 4. Bg2 c5 5. dxc5 bxc5 6. O-O g6 7. b3 Bg7 8. Bb2 d5 9. c4 d4 10. e3 dxe3 11. Qxd8+ Kxd8 12. fxe3 Nbd7 13. Rd1 Kc8 14. e4 Bxe4 15. Re1 e5 16. Nc3 Bc6 17. Nxe5 Bxg2 18. Kxg2 Nxe5 19. Rxe5 Kd7 20. Rxc5 Rhe8 21. Ba3 Ng4 22. Rd1+ Ke6 23. Nd5 Be5 24. h3 Nh6 25. Rc6+ Kf5 26. Kf3 Ng8 27. Bc1 h5 28. g4+ hxg4+ 29. hxg4# 1-0

[Event "ARG-ch sf"]
[Site "Ezeiza"]
[Date "2000.09.02"]
[Round "5"]
[White "Varela, Gaston"]
[Black "Soppe, Guillermo"]
[Result "1/2-1/2"]
[WhiteElo "2249"]
[BlackElo "2471"]
[PlyCount "20"]
[EventDate "2000.08.29"]
[Source "www.chesslib.no"]
[SourceDate "2004.05.04"]

1. d4 Nf6 2. Nf3 b6 3. g3 Bb7 4. Bg2 c5 5. c4 cxd4 6. Qxd4 g6 7. b3 Nc6 8. Qd1 Bg7 9. Bb2 O-O 10. O-O d5 1/2-1/2

[Event "HUN-chT2 0102"]
[Site "?"]
[Date "2002.04.07"]
[Round "10"]
[White "Orgovan Sandor"]
[Black "Siklosi Zoltan"]
[Result "1/2-1/2"]
[WhiteElo "2318"]
[BlackElo "2387"]
[PlyCount "41"]
[EventDate "2002.??.??"]
[Source "www.chesslib.no"]
[SourceDate "2004.05.04"]

1. d4 Nf6 2. Nf3 b6 3. g3 Bb7 4. Bg2 c5 5. dxc5 bxc5 6. c4 g6 7. b3 Bg7 8. Bb2 O-O 9. O-O d6 10. Nc3 Ne4 11. Qc2 Nxc3 12. Bxc3 Nd7 13. Bxg7 Kxg7 14. Nh4 Bxg2 15. Nxg2 a5 16. Nf4 Nf6 17. a4 Rb8 18. Rfd1 Qc7 19. e4 Rb7 20. f3 Rfb8 21. Rd3 1/2-1/2

[Event "Le Touquet IM"]
[Site "?"]
[Date "2000.10.29"]
[Round "2"]
[White "Bouhallel Rabah"]
[Black "Spiridonov Nikola"]
[Result "0-1"]
[WhiteElo "2305"]
[BlackElo "2400"]
[PlyCount "28"]
[EventDate "2000.??.??"]
[Source "www.chesslib.no"]
[SourceDate "2004.05.04"]

1. d4 Nf6 2. Nf3 b6 3. g3 Bb7 4. Bg2 c5 5. dxc5 bxc5 6. O-O g6 7. c4 Bg7 8. Nc3 O-O 9. Ne1 Bxg2 10. Nxg2 d6 11. Bd2 Nc6 12. Qc1 Rb8 13. b3 Nd4 14. Bh6 Ne4 0-1

[Event "AUT Ch"]
[Site "Wolfsberg"]
[Date "1985.??.??"]
[Round "8"]
[White "Pils, Walter"]
[Black "Kargl, Kurt"]
[Result "1/2-1/2"]
[WhiteElo "2380"]
[BlackElo "2305"]
[PlyCount "38"]
[EventDate "1985.??.??"]
[Source "www.chesslib.no"]
[SourceDate "2004.05.04"]

1. d4 Nf6 2. Nf3 b6 3. g3 Bb7 4. Bg2 c5 5. dxc5 bxc5 6. c4 g6 7. Nc3 Bg7 8. O-O O-O 9. Qc2 Nc6 10. Rd1 d6 11. a3 Rb8 12. Rb1 Bc8 13. h3 Bd7 14. e3 Qc8 15. Kh2 Na5 16. b3 Qa6 17. Nd2 Nc6 18. Nce4 Rfd8 19. g4 Qb6 1/2-1/2

[Event "DEN Team Ch 9596"]
[Site "Denmark"]
[Date "1995.??.??"]
[Round "2"]
[White "Olsen, Nils Linde"]
[Black "Rath, Ulrik"]
[Result "0-1"]
[WhiteElo "2285"]
[BlackElo "2370"]
[PlyCount "60"]
[EventDate "1995.??.??"]
[Source "www.chesslib.no"]
[SourceDate "2004.05.04"]

1. d4 Nf6 2. Nf3 b6 3. g3 Bb7 4. Bg2 c5 5. dxc5 bxc5 6. c4 g6 7. O-O Bg7 8. Nc3 O-O 9. Qc2 Nc6 10. Bg5 d6 11. Rad1 Qa5 12. Rfe1 Rab8 13. b3 Nd4 14. Nxd4 cxd4 15. Bxf6 Bxf6 16. Nd5 Bxd5 17. Bxd5 Rfc8 18. Qd2 Rc5 19. Rf1 Qc3 20. f4 Ra5 21. Rf3 Qxd2 22. Rxd2 Ra3 23. e3 dxe3 24. Rxe3 Rb6 25. Kg2 a5 26. Rc2 a4 27. Rce2 e6 28. Bxe6 fxe6 29. Rxe6 axb3 30. axb3 Kf7 0-1

[Event "Petrov mem"]
[Site "St Petersburg"]
[Date "1998.??.??"]
[Round "3"]
[White "Dokutchaev, Aleksander"]
[Black "Driamin, Dmitrij"]
[Result "1/2-1/2"]
[WhiteElo "2425"]
[BlackElo "2230"]
[PlyCount "39"]
[EventDate "1998.??.??"]
[Source "www.chesslib.no"]
[SourceDate "2004.05.04"]

1. d4 Nf6 2. Nf3 b6 3. g3 Bb7 4. Bg2 c5 5. dxc5 bxc5 6. c4 e6 7. O-O Be7 8. Qc2 O-O 9. Nc3 Nc6 10. Rd1 a6 11. Bf4 d6 12. Rd2 Qc7 13. Rad1 Nd4 14. Qb1 Rfd8 15. Bg5 Nxf3+ 16. Bxf3 Bxf3 17. exf3 Rd7 18. Bf4 Qc6 19. Qc2 Rad8 20. Ne4 1/2-1/2

[Event "24th Open"]
[Site "Bad Woerishofen GER"]
[Date "2008.02.28"]
[Round "1"]
[White "Trebbin, W."]
[Black "Rozentalis, E."]
[Result "0-1"]
[WhiteElo "2066"]
[BlackElo "2567"]
[PlyCount "22"]
[EventDate "2008.02.28"]
[Source "www.chesslib.no"]
[SourceDate "2004.05.04"]

1. d4 Nf6 2. Nf3 b6 3. g3 Bb7 4. Bg2 c5 5. O-O cxd4 6. Nxd4 Bxg2 7. Kxg2 g6 8. c4 Bg7 9. f3 d5 10. cxd5 Nxd5 11. e4 Bxd4 0-1

[Event "Nuernberg"]
[Site "?"]
[Date "2006.09.10"]
[Round "7"]
[White "Schatz Christian"]
[Black "Renner Christoph"]
[Result "0-1"]
[WhiteElo "2206"]
[BlackElo "2424"]
[PlyCount "107"]
[EventDate "2006.??.??"]
[Source "www.chesslib.no"]
[SourceDate "2004.05.04"]

1. Nf3 Nf6 2. d4 b6 3. g3 Bb7 4. Bg2 c5 5. c4 cxd4 6. Qxd4 g6 7. Nc3 Bg7 8. O-O O-O 9. Qh4 d6 10. Bg5 Nbd7 11. Rfd1 Re8 12. Rac1 Rc8 13. b3 Rc5 14. b4 Rc7 15. Nb5 Rc8 16. Nxa7 Ra8 17. Nb5 Rxa2 18. Nc3 Rb2 19. Nd5 b5 20. Rd2 Nxd5 21. cxd5 Nb6 22. Rxb2 Bxb2 23. Rb1 Bg7 24. Nd4 Nxd5 25. Nxb5 Qd7 26. e4 Nb6 27. Bf1 Ba6 28. Nc7 Qxc7 29. Bxa6 Qc2 30. Rc1 Qb2 31. Be3 Bd4 32. Qg5 Qxb4 33. Bd2 Qb2 34. Bd3 Nd7 35. Rb1 Qa2 36. Qa5 Qxa5 37. Bxa5 Ra8 38. Rb5 Ne5 39. Be2 Nc6 40. Bb6 Ra1+ 41. Kg2 Kg7 42. Bxd4+ Nxd4 43. Rb2 Re1 44. Bd3 g5 45. h3 h5 46. f4 Re3 47. Rd2 gxf4 48. gxf4 Ne6 49. Kf2 Rxh3 50. f5 Nc5 51. Bc2 Rh2+ 52. Ke3 Rxd2 53. Kxd2 Kf6 54. Ke3 0-1

[Event "Chelmsford, MA"]
[Site "?"]
[Date "2001.11.17"]
[Round "1"]
[White "Levine Viktor"]
[Black "Paschall William"]
[Result "0-1"]
[WhiteElo "2140"]
[BlackElo "2487"]
[PlyCount "114"]
[EventDate "2001.??.??"]
[Source "www.chesslib.no"]
[SourceDate "2004.05.04"]

1. d4 Nf6 2. Nf3 b6 3. g3 Bb7 4. Bg2 c5 5. dxc5 bxc5 6. c4 e6 7. O-O Be7 8. Nc3 O-O 9. Bf4 d6 10. Qb3 Qc8 11. Rfd1 Rd8 12. Rd2 Rd7 13. Rad1 Ne8 14. Nb5 e5 15. Be3 f5 16. Qc2 g6 17. Nc3 Nf6 18. Bg5 Qf8 19. Nxe5 dxe5 20. Rxd7 Nbxd7 21. Bxb7 Rd8 22. Nd5 Nxd5 23. Bxd5+ Kg7 24. Bxe7 Qxe7 25. Bc6 Nf6 26. Qb3 Rxd1+ 27. Qxd1 Qc7 28. Qa4 Kh6 29. Bd5 f4 30. Qc6 Qe7 31. Qe6 Qxe6 32. Bxe6 Ne4 33. f3 Nd6 34. gxf4 exf4 35. Kf2 Kg5 36. e4 Kf6 37. Bd5 Ke5 38. Ke2 Kd4 39. b3 g5 40. Kd2 Nc8 41. Be6 Ne7 42. h3 h6 43. Bd7 Ng6 44. Bc8 Ne5 45. Bg4 a5 46. Bh5 a4 47. Bg4 a3 48. Bh5 Nd3 49. Bf7 Nb4 50. Kc1 Nxa2+ 51. Kb1 Nb4 52. Bd5 Kc3 53. e5 Kxb3 54. Be4 Kxc4 55. e6 Na6 56. Ka2 Kb4 57. Bb7 Nc7 0-1

[Event "Corr"]
[Site "?"]
[Date "2004.05.30"]
[Round "?"]
[White "Brousek Jiri"]
[Black "Chetvertakoff Valery"]
[Result "1/2-1/2"]
[WhiteElo "2367"]
[BlackElo "2259"]
[PlyCount "63"]
[EventDate "2004.??.??"]
[Source "www.chesslib.no"]
[SourceDate "2004.05.04"]

1. d4 Nf6 2. Nf3 b6 3. g3 c5 4. Bg2 Bb7 5. O-O Qc8 6. dxc5 bxc5 7. Nc3 Ne4 8. Qd3 Nxc3 9. Qxc3 d6 10. e4 Nd7 11. e5 Nxe5 12. Nxe5 Bxg2 13. Kxg2 dxe5 14. Qxe5 Qc6+ 15. f3 f6 16. Qh5+ g6 17. Qh4 Kf7 18. Be3 e6 19. Rad1 Be7 20. Rd2 Rad8 21. Rxd8 Bxd8 22. Rd1 Be7 23. Qc4 Rc8 24. b3 Rc7 25. c3 h5 26. Rd2 g5 27. h3 Rd7 28. Rxd7 Qxd7 29. Bxc5 Qd2+ 30. Bf2 Qxa2 31. Qb5 f5 32. c4 1/2-1/2

[Event "Dresden Post 2nd"]
[Site "Dresden GER"]
[Date "1982.??.??"]
[Round "6"]
[White "Sinkovics, Peter"]
[Black "Enders, Peter"]
[Result "0-1"]
[WhiteElo "2310"]
[BlackElo "2315"]
[PlyCount "72"]
[EventDate "1982.10.11"]
[Source "www.chesslib.no"]
[SourceDate "2004.05.04"]

1. d4 Nf6 2. Nf3 b6 3. g3 Bb7 4. Bg2 c5 5. c4 cxd4 6. Qxd4 Nc6 7. Qd1 g6 8. b3 Bg7 9. Bb2 O-O 10. Nc3 e6 11. O-O Qe7 12. Ne5 Rad8 13. Nb5 Nxe5 14. Bxe5 d5 15. Qc2 dxc4 16. Bxb7 Qxb7 17. Nd6 Qc6 18. Rfd1 Nd5 19. Bxg7 Kxg7 20. Nxc4 b5 21. Qb2+ f6 22. Na5 Qc3 23. Qxc3 Nxc3 24. Rxd8 Rxd8 25. Nc6 Rc8 26. Nxa7 Rc7 27. Nxb5 Nxb5 28. a4 Nc3 29. a5 Kf7 30. b4 Ke7 31. a6 Ra7 32. Ra5 Kd6 33. e4 Nxe4 34. f3 Nc3 35. Kf2 Nd5 36. b5 Kc5 0-1